[Event "Heusenstamm Sparkassen op-A 9th"]
[Site "Heusenstamm"]
[Date "2023.11.26"]
[Round "7"]
[White "Marchese, Gaspare"]
[Black "Leitzig, Reamonn Franky Jame"]
[Result "1-0"]
[WhiteElo "1787"]
[BlackElo "1540"]
[PlyCount "31"]
[EventDate "2023.11.23"]
[EventType "swiss"]
[EventRounds "7"]
[EventCountry "GER"]
[SourceTitle "CBM 217 Extra"]
[Source "ChessBase"]
[SourceDate "2024.01.31"]
[SourceVersion "1"]
[SourceVersionDate "2024.01.31"]
[SourceQuality "1"]

1. e4 c5 2. Bc4 e6 3. Nc3 a6 4. a4 Nc6 5. Nf3 Qc7 6. d3 Nf6 7. Qe2 d5 8. exd5 Nd8 9. dxe6 Bxe6 10. Ng5 Be7 11. Nxe6 Nxe6 12. Bxe6 fxe6 13. Qxe6 Qd7 14. Qxd7+ Kxd7 15. 0-0 Rhf8 16. Bd2 1-0

[Event "Marburg op-A"]
[Site "Marburg"]
[Date "2023.10.29"]
[Round "7"]
[White "Leitzig, Reamonn Franky Jame"]
[Black "Petrik, Matus"]
[Result "0-1"]
[WhiteElo "1523"]
[BlackElo "1614"]
[PlyCount "54"]
[EventDate "2023.10.26"]
[EventType "swiss"]
[EventRounds "7"]
[EventCountry "GER"]
[SourceTitle "CBM 217 Extra"]
[Source "ChessBase"]
[SourceDate "2024.01.31"]
[SourceVersion "1"]
[SourceVersionDate "2024.01.31"]
[SourceQuality "1"]

1. e4 c5 2. Nf3 e6 3. d4 cxd4 4. Nxd4 Nc6 5. Nc3 Qc7 6. Be3 a6 7. Be2 Nf6 8. 0-0 Bb4 9. Qd3 Ne5 10. Qd1 Bxc3 11. bxc3 Nxe4 12. f4 Nxc3 13. Qe1 Nxe2+ 14. Qxe2 Nc4 15. Bc1 Qc5 16. Qd3 b5 17. Kh1 f5 18. h3 Bb7 19. Kh2 0-0 20. Nf3 d6 21. Ng5 Rf6 22. g4 Qc6 23. Rg1 h6 24. gxf5 exf5 25. Ne6 Rxe6 26. Qxf5 Re2+ 27. Rg2 Qxg2# 0-1